000 00289nam a2200109Ia 4500
008 220204s9999 xx 000 0 und d
082 _a651.9
_bTUR
100 _aTurner, Barry T
245 0 _aEffective technical writing and speaking
260 _aGreat Britain
_bBusiness
_c1974
942 _cBK
999 _c29850
_d29850